Statistics for Answers Begin with "Au-"

Click here to take the quiz!

General Stats

  • This quiz has been taken 166 times
  • The average score is 12 of 20

Answer Stats

HintAnswer% Correct
European countryAustria
100%
Land down underAustralia
96%
A postmortem examinationautopsy
86%
First Roman emperorAugustus
83%
Phenomenon of streamers of reddish or greenish light in the skyaurora
78%
Eggplantaubergine
77%
Genuineauthentic
77%
Fallautumn
75%
Disorder characterized by difficulty in social interaction and communicationautism
71%
Supposed emanation surrounding the body of a living creatureaura
68%
A reddish-brown colorauburn
66%
To make greater by addition; to increaseaugment
62%
Domineering; dictatorial (especially in government)authoritarian
62%
Online audiobook service, a subsidiary of AmazonAudible
59%
A practical demonstration of a performer's suitability and skillaudition
57%
A willingness to take bold risks, or disrespectful behavioraudacity
36%
Difficult economic conditions created by governments to reduce deficitsausterity
31%
Conducive to success; favorableauspicious
29%
A filmmaker whose control is so great he is regarded as the authorauteur
28%
The magical talisman in The Neverending StoryAuryn
6%

Score Distribution

Percentile by Number Answered

Percent of People with Each Score

Your Score History

You have not taken this quiz